Cuadernos Latinoamericanos /
সংরক্ষণ করুন:
| সংস্থা লেখক: | |
|---|---|
| বিন্যাস: | গ্রন্থ |
| ভাষা: | Spanish |
| প্রকাশিত: |
Venezuela:
Universidad del Zulia; Centro Experimental de Estudios Latinoamericanos "Dr. Gastón Parra Luzardo",
|
| বিষয়গুলি: | |
| অনলাইন ব্যবহার করুন: | texto completo desde el sitio de la revista |
| ট্যাগগুলো: |
ট্যাগ যুক্ত করুন
কোনো ট্যাগ নেই, প্রথমজন হিসাবে ট্যাগ করুন!
|
MARC
| LEADER | 00000nam a22000007a 4500 | ||
|---|---|---|---|
| 003 | cru CIDCACS/IIS | ||
| 005 | 20190208140725.0 | ||
| 007 | ta | ||
| 008 | 181031b ve f||p|r||||||0| ||spa|d | ||
| 999 | |c 41855 |d 41855 | ||
| 022 | |a 13154176 | ||
| 040 | |c cru CIDCACS/IIS | ||
| 090 | |a REV1657 | ||
| 110 | 1 | |9 7886 |a Universidad del Zulia. |b Vicerrectorado Académico | |
| 245 | 1 | |a Cuadernos Latinoamericanos / |c Universidad del Zulia. Vicerrectorado Académico | |
| 260 | |a Venezuela: |b Universidad del Zulia; |b Centro Experimental de Estudios Latinoamericanos "Dr. Gastón Parra Luzardo", | ||
| 270 | |a La Universidad del Zulia. Av. Universidad, Grano de Oro (al lado de la Direcc. de Infraestructura y Mantenimiento) Apartado 526. Maracaibo, Edo. Zulia, Venezuela |b Maracaibo, |d Venezuela | ||
| 310 | |a Semestral | ||
| 500 | |a EXISTENCIAS : 1993 (9), 2001 13 (22) 2006 17(29-30) 2007 18(31) | ||
| 650 | 0 | |9 388 |a GLOBALIZACION | |
| 650 | 0 | |9 3294 |a DESARROLLO | |
| 650 | 0 | |9 299 |a MIGRACION | |
| 650 | 0 | |9 126 |a CULTURA | |
| 651 | 0 | |9 1095 |a VENEZUELA | |
| 856 | |u http://www.produccioncientifica.luz.edu.ve/index.php/cuadernos |y texto completo desde el sitio de la revista | ||
| 942 | |2 ddc |c PP | ||
